|
|
|
|
| LEADER |
00000nam0a2200000 4500 |
| 001 |
271321 |
| 005 |
20231101234427.0 |
| 020 |
|
|
|a RU
|b 87-15924
|
| 035 |
|
|
|a (RuTPU)RU\TPU\book\294502
|
| 090 |
|
|
|a 271321
|
| 100 |
|
|
|a 20141007d1987 k y0rusy5003 ca
|
| 101 |
0 |
|
|a rus
|
| 102 |
|
|
|a RU
|
| 105 |
|
|
|a y z 100zy
|
| 200 |
1 |
|
|a Научные проблемы современного энергетического машиностроения и их решение
|e тезисы докладов Всесоюзной научно-технической конференции., 28-29 январрь 1987 г.
|f Ленинградский политехнический институт им. М. И. Калинина (ЛПИ) ;
|
| 210 |
|
|
|a Ленинград
|c Изд-во ЛПИ
|d 1987
|
| 215 |
|
|
|a 178 с.
|
| 606 |
1 |
|
|a Энергомашиностроение
|2 stltpush
|3 (RuTPU)RU\TPU\subj\21347
|9 46362
|
| 610 |
1 |
|
|a энергетическое оборудование
|
| 610 |
1 |
|
|a производство
|
| 610 |
1 |
|
|a энергетическое машиностроение
|
| 610 |
1 |
|
|a электрооборудование
|
| 610 |
1 |
|
|a физико-технические исследования
|
| 610 |
1 |
|
|a конференции
|
| 610 |
1 |
|
|a Ленинград
|
| 675 |
|
|
|a 620.9.002(063)
|z rus
|v 3
|
| 712 |
0 |
2 |
|a Ленинградский политехнический институт им. М. И. Калинина (ЛПИ)
|c (1924-1930, 1940-1990)
|2 stltpush
|3 (RuTPU)RU\TPU\col\2601
|
| 712 |
1 |
2 |
|a Научные проблемы современного энергетического машиностроения и их решение
|c Всесоюзная конференция
|e Ленинград
|f 1987
|
| 801 |
|
0 |
|a RU
|b RuMRKP
|c 19960705
|g psbo
|
| 801 |
|
1 |
|a RU
|b 63413507
|c 20141007
|
| 801 |
|
2 |
|a RU
|b 63413507
|c 20161208
|g RCR
|
| 942 |
|
|
|c BK
|